| 000 | 01539cad a22001935a 4500 | ||
|---|---|---|---|
| 001 | L143775 | ||
| 008 | 080530e20080219xxk f v 000 0 eng d | ||
| 035 | _a(Sirsi) u143775 | ||
| 041 | 0 | _aeng | |
| 245 | 0 | 0 |
_aEdstaff Ltd v Anglo Overseas Group (Properties) Ltd _h[electronic resource] |
| 260 | _c2008 | ||
| 520 | _a[2008] EWCA Civ 243. A small claim ended up in the Court of Appeal because the decision of a lower court was wrong. The appellant landlord (A) allowed a company (E) licenses to occupy its premises for 18 months and agreed a discount if E paid all the rent in advance. E asked A to waive its one-month notice period to provide it with some security of occupancy. A agreed. E then left early, with one month's notice, and got a refund of the rent paid in advance from the County Court. E argued that the waiver of notice period did not apply to the tenant, only the landlord. Held: appeal allowed. The decision was reversed because the original decision was plainly wrong and there was no evidence to support it. A was entitled to keep all licence fees. The case shows that justice through the courts can take time and be very costly. | ||
| 590 | _aKA | ||
| 650 | 2 | 4 | _aEDSTAFF LTD V ANGLO OVERSEAS GROUP (PROPERTIES) LTD |
| 651 | 4 |
_aEngland and Wales _y1543- |
|
| 690 | _aPROPERTY-COMMERCIAL PROPERTY-COMMERCIAL LANDLORD AND TENANT-COMMERCIAL LEASES-ASSIGNMENT OF COMMERCIAL LEASES | ||
| 856 | 4 | 0 |
_uhttps://www.bailii.org/ew/cases/EWCA/Civ/2008/243.html _zView the judgment free of charge at www.baiili.org... |
| 942 | _n0 | ||
| 999 |
_c80271 _d80271 |
||